|
|
|
|
| LEADER |
00000nab a2200000 a 4500 |
| 001 |
vtls010332338 |
| 003 |
SK-MaSNL |
| 005 |
20260303091350.0 |
| 008 |
111228c2011 xo wrzp 0 0slo |
| 015 |
|
|
|a SNBRB2011/12
|2 rvgkpd
|
| 038 |
|
|
|a RVGKPD
|
| 040 |
|
|
|a RVGKPD
|b slo
|c RVGKPD
|e AACR2
|
| 041 |
0 |
|
|a slo
|
| 044 |
|
|
|a xo
|c SK
|
| 080 |
|
|
|a 908
|2 1997
|
| 080 |
|
|
|a 719
|2 1997
|
| 100 |
1 |
|
|a Boldocki, Rastislav
|4 aut
|9 266320
|
| 245 |
1 |
0 |
|a Naozaj najkrajšie?
|b ľudia v celosvetovom hlasovaní vybrali sedem prírodných divov sveta
|c Rastislav Boldocki
|
| 246 |
3 |
|
|a Sprevádzali ho rôzne spory
|
| 300 |
|
|
|b Fotogr.
|
| 650 |
0 |
7 |
|a sedem divov sveta
|2 rvgkpd
|9 25546
|
| 650 |
0 |
7 |
|a prírodné krásy
|2 rvgkpd
|9 287668
|
| 773 |
0 |
|
|t Plus 7 dní
|g Roč. XX, č. 48 (2011), s. 62-64
|x 1210-4040
|
| 852 |
|
|
|a RVGKPD
|b KIS3G
|
| 856 |
4 |
1 |
|u http://plus7dni.pluska.sk/plus7dni/spektrum/naozaj-najkrajsie.html
|
| 992 |
|
|
|a RBX
|
| 999 |
|
|
|c 1807254
|d 1809184
|